Statistiques concernant Les 20 sports les plus populaires en France

Cliquez ici pour prendre le quiz!

Statistiques générales

  • Ce quiz a été pris 23 134 fois
  • Le résultat moyen est 12 sur 20

Statistiques - réponses

Nombre de licenciésSport% Correct
2 018 003Football
100%
577 372basketball
95%
1 085 388tennis
92%
515 671handball
88%
270 190athlétisme
83%
304 017natation
82%
450 864rugby
82%
202 352tennis de table
71%
689 403équitation
70%
625 896Judo
68%
180 929badminton
61%
298 879gymnastique
55%
235 050karaté
53%
408 388golf
49%
293 451pétanque
42%
171 457tir
22%
364 155Canoe-Kayak
17%
294 768voile
14%
233 108randonnée
13%
302 864sports sous marins
3%

Distribution des résultats

Percentile par nombre de réponses

% des personnes avec chaque résultat

Votre développement - résultats

Vous n’avez pas pris ce quiz